Statistics for Every Song by the Script

Click here to take the quiz!

General Stats

  • This quiz has been taken 16 times
    (4 since last reset)
  • The average score is 32 of 72

Answer Stats

AlbumSong% Correct
The Script(2008)Breakeven
100%
#3(2012)Hall of Fame
100%
Science & Faith(2010)Nothing
100%
Freedom Child(2017)Rain
100%
Science & Faith(2010)Science & Faith
100%
No Sound Without Silence(2014)Superheroes
100%
The Script(2008)The Man Who Can't Be Moved
100%
Freedom Child(2017)Arms Open
75%
Science & Faith(2010)For the First Time
75%
Freedom Child(2017)Freedom Child
75%
The Script(2008)If You See Kay
75%
Tales From the Script:Greatest Hits(2021)I Want It All
75%
No Sound Without Silence(2014)Never Seen Anything(Quite Like You)
75%
Freedom Child(2017)No Man is An Island
75%
#3(2012)No Words
75%
Sunsets & Full Moons(2019)Run Through Walls
75%
No Sound Without Silence(2014)Army of Angels
50%
Freedom Child(2017)Awakening
50%
#3(2012)Broken Arrow
50%
Non-Album(2022)Dare You to Doubt Me
50%
Science & Faith(2010)Dead Man Walking
50%
Freedom Child(2017)Deliverance
50%
Freedom Child(2017)Divided States of America
50%
The Script(2008)Fall for Anything
50%
No Sound Without Silence(2014)Flares
50%
#3(2012)Good Ol' Days
50%
No Sound Without Silence(2014)Hail Rain or Sunshine
50%
Sunsets & Full Moons(2019)Hot Summer Nights
50%
##3(Bonus)(2012)Hurricanes
50%
Science & Faith(2010)If You Ever Come Back
50%
The Script(2008)I'm Yours
50%
No Sound Without Silence(2014)It's Not Right for You
50%
Science & Faith(2010)Long Gone and Moved On
50%
Freedom Child(2017)Mad Love
50%
No Sound Without Silence(2014)Man on a Wire
50%
#3(2012)Millionares
50%
#3(Bonus)(2012)Moon Boots
50%
No Sound Without Silence(2014)No Good in Goodbye
50%
No Sound Without Silence(2014)Paint the Town Green
50%
Freedom Child(2017)Rock the World
50%
The Script(2008)Rusty Halo
50%
#3(2012)Six Degrees of Seperation
50%
Sunsets & Full Moons(2019)Something Unreal
50%
The Script(2008)Talk You Down
50%
Science & Faith(2010)This = Love
50%
Sunsets & Full Moons(2019)Underdog
50%
Science & Faith(Bonus)(2010)Walk Away
50%
The Script(2008)We Cry
50%
Freedom Child(2017)Wonders
50%
Science & Faith(2010)Exit Wounds
25%
#3(2012)Glowing
25%
#3(2012)If You Could See Me Now
25%
#3(2012)Kaleidoscope
25%
Freedom Child(2017)Make Up
25%
Sunsets & Full Moons(2019)Same Time
25%
Sunsets & Full Moons(2019)The Last Time
25%
The Script(Bonus)(2008)Anybody There
0%
The Script(2008)Before the Worst
0%
Science & Faith(Bonus)(2010)Bullet From a Gun
0%
Freedom Child(2017)Eden
0%
#3(2012)Give a Look Around
0%
No Sound Without Silence(Bonus)(2014)Howl At The Moon
0%
Sunsets & Full Moons(2019)Hurt People Hurt People
0%
Sunsets & Full Moons(2019)If You Don't Love Yourself
0%
The Script(Bonus)(2008)Live Like We're Dying
0%
Freedom Child(2017)Love Not Lovers
0%
The Script(2008)The End Where I Begin
0%
No Sound Without Silence(2014)The Energy Never Dies
0%
Sunsets & Full Moons(2019)The Hurt Game
0%
No Sound Without Silence(2014)Without Those Songs
0%
Freedom Child(2017)Written In Scars
0%
Science & Faith(2010)You Won't Feel a Thing
0%

Score Distribution

Percentile by Number Answered

Percent of People with Each Score

Your Score History

You have not taken this quiz since the last reset